Paksata the nature of the inferential locus : (Record no. 4529)

MARC details
000 -LEADER
fixed length control field 00538 a2200157 4500
010 ## - LCCN (DPL NO)
LC control number ENG-86386
020 ## - INTERNATIONAL STANDARD BOOK NUMBER
International Standard Book Number 8185636990
Terms of availability 350.00
035 ## - SYSTEM CONTROL NUMBER
System control number EN-69919
037 ## - SOURCE OF ACQUISITION
Source of stock number/acquisition DBAD / VEN
082 14 - DEWEY DECIMAL CLASSIFICATION NUMBER
Classification number 121
100 ## - MAIN ENTRY--PERSONAL NAME
Personal name Dravid, N.S.
245 1# - TITLE STATEMENT
Title Paksata the nature of the inferential locus :
Statement of responsibility, etc by N.S. Dravid
Remainder of title (a psycho-epistemological investigation of the inferential process) /
260 ## - PUBLICATION, DISTRIBUTION, ETC. (IMPRINT)
Place of publication, distribution, etc New Delhi
Name of publisher, distributor, etc Indian Council of Philosophical Research
Date of publication, distribution, etc 2007
300 ## - PHYSICAL DESCRIPTION
Extent xxxxi, 174p.
Dimensions 22cm (Hb)
942 ## - ADDED ENTRY ELEMENTS (KOHA)
Institution code [OBSOLETE] dpl
Item type English Books
Source of classification or shelving scheme Dewey Decimal Classification
Classification part 121
Call number suffix DRA
Holdings
Withdrawn status Lost status Not for loan Collection code Home library Current library Source of acquisition Cost, normal purchase price Full call number Barcode Copy number Cost, replacement price Koha item type
    Not For Loan Non-fiction D.B.Act.Division D.B.Act.Division DBAD/PUB 350.00 121 DRA EN-69919 1 350.00 English Books

© Delhi Public Library
Hit Counter
free hit counter